000 00446nam a2200181Ia 4500
001 4622
005 20260306145809.0
008 260306t2013||||xx |||||||||||||| ||spa||
041 _aESP
082 _a327.85
_bG23
100 _aGarcía Bedoya, Carlos
_eAUT
245 0 _aPolítica exterior peruana:
_bteoría y práctica
260 _c2013
300 _a153 páginas :
_c26 cm.
650 _aGEN
654 _aCHU
942 _cLIB
_dJUS
_fJUS
_2ddc
_n
999 _c4622
_d4622